Modern insurance law / (Record no. 543)

MARC details
000 -LEADER
fixed length control field 00842nam a2200289 a 4500
001 - CONTROL NUMBER
control field 1039737
003 - CONTROL NUMBER IDENTIFIER
control field OSt
005 - DATE AND TIME OF LATEST TRANSACTION
control field 20150706120416.0
008 - FIXED-LENGTH DATA ELEMENTS--GENERAL INFORMATION
fixed length control field 890111s1988 enk 001 0 eng
010 ## - LIBRARY OF CONGRESS CONTROL NUMBER
LC control number 89102735
020 ## - INTERNATIONAL STANDARD BOOK NUMBER
International Standard Book Number 0421371404
020 ## - INTERNATIONAL STANDARD BOOK NUMBER
International Standard Book Number 0421371501 (pbk.)
040 ## - CATALOGING SOURCE
Original cataloging agency DLC
Transcribing agency DLC
Modifying agency DLC
043 ## - GEOGRAPHIC AREA CODE
Geographic area code e-uk---
050 00 - LIBRARY OF CONGRESS CALL NUMBER
Classification number KD1859
Item number .B57 1988
082 00 - DEWEY DECIMAL CLASSIFICATION NUMBER
Classification number 346.086 BIR
Edition number 20
100 1# - MAIN ENTRY--PERSONAL NAME
Personal name Birds, John.
9 (RLIN) 1584
245 10 - TITLE STATEMENT
Title Modern insurance law /
Statement of responsibility, etc by John Birds.
250 ## - EDITION STATEMENT
Edition statement 2nd ed.
260 ## - PUBLICATION, DISTRIBUTION, ETC. (IMPRINT)
Place of publication, distribution, etc London :
Name of publisher, distributor, etc Sweet & Maxwell,
Date of publication, distribution, etc 1988
300 ## - PHYSICAL DESCRIPTION
Extent xxxviii, 335 p. ;
Dimensions 23 cm.
500 ## - GENERAL NOTE
General note Includes index.
650 #0 - SUBJECT ADDED ENTRY--TOPICAL TERM
Topical term or geographic name as entry element Insurance law
Geographic subdivision Great Britain.
9 (RLIN) 1585
906 ## - LOCAL DATA ELEMENT F, LDF (RLIN)
a 7
b cbc
c orignew
d 3
e ncip
f 19
g y-gencatlg
942 ## - ADDED ENTRY ELEMENTS (KOHA)
Source of classification or shelving scheme Dewey Decimal Classification
Item type Books
Holdings
Withdrawn status Lost status Source of classification or shelving scheme Damaged status Not for loan Home library Current library Shelving location Date acquired Total Checkouts Full call number Barcode Date last seen Price effective from Koha item type Copy number Public note
    Dewey Decimal Classification     Law Development Centre Main Library Law Development Centre Main Library Text Books and Laws 04/26/2011   346.086 BIR 2011/2404 04/26/2011 04/26/2011 Books    
    Dewey Decimal Classification     Law Development Centre Main Library Law Development Centre Main Library Text Books and Laws 06/30/2014   346.086 BIR 6430/2014 06/30/2014 06/30/2014 Books 1a reserve